000 004240000a22001690004500
003 LK-CoMWRAF
008 230817t ||||| |||| 00| 0 eng d
040 _aLK-CoMWRAF
_dLK-CoMWRAF
_eLK-CoMWRAF
041 _aeng
082 _a092
_bNAJ
100 _aNajimudeen, S.
245 _aMullil Padukkaiyittu
_b
260 _bDeens Publishers
_aSri Lanka (Sainthamaruthu)
_c2000
300 _ap.86
650 _aTamil
942 _cBK
999 _c1695
_d1695